| 000 | 00880nam a2200277 a 4500 | ||
|---|---|---|---|
| 999 |
_c7517 _d7517 |
||
| 001 | 991022516639706706 | ||
| 003 | OSt | ||
| 005 | 20211209142548.0 | ||
| 008 | 040113s2003 spc|||||| 000 f|spa | ||
| 015 |
_aLL2004 _2bnc |
||
| 035 | _a(ES-BaCBU)b30655390-34csuc_network | ||
| 035 | _a(ES-BaCBU).b30655390 | ||
| 035 | _a(ccuc001)b30655390 | ||
| 040 |
_aES-BaBC _bcat _cCDMR |
||
| 080 | _a860(728)-3"19" | ||
| 100 | 1 | _aGlattstein Franco, Sarah. | |
| 245 | 1 | 0 |
_aDiario de una directora de revista... femenina / _cSarah Glattstein Franco |
| 260 |
_a[Madrid] : _bG y J EspaƱa Publicaciones Internacionales, _ccop. 2005 |
||
| 300 |
_a253 p. ; _c24 cm |
||
| 650 | 0 |
_94233 _aDones en el periodisme |
|
| 650 | 0 |
_94260 _aRevistes per a dones |
|
| 907 |
_a.b30655390 _b15-02-21 _c08-05-08 _d07-05-08 _em _fa _g- _hspa _ispc _j0 _k1 |
||
| 908 | _aBC | ||
| 940 | _aBC | ||
| 942 |
_2udc _cMON |
||